| 000 | 01053nam a2200229Ia 4500 | ||
|---|---|---|---|
| 999 |
_c39319 _d39319 |
||
| 001 | 5905 | ||
| 003 | GE_BSU | ||
| 005 | 20190821133143.0 | ||
| 008 | 181216s1955||||ge |||||||||||||| ||geo|| | ||
| 040 | _cGE_BSU | ||
| 041 | _ageo | ||
| 080 | _a821.353.1-1 ა-13 | ||
| 100 |
_aაბაშიძე, გრიგოლ _91383 |
||
| 245 |
_aგაზაფხული სტალინის სანაპიროზე : _bლექსები / _cგრიგოლ აბაშიძე ; რედ. ან. თევზაძე ; მხატვ. თ.ასიტაშვილი. |
||
| 264 |
_aთბილისი : _bსაბჭოთა მწერალი ; _c1955. |
||
| 300 |
_a116 გვ. ; _c17 სმ. |
||
| 653 | _aგაზაფხული სტალინის სანაპიროზე | ||
| 653 | _aლექსები | ||
| 700 |
_aთევზაძე, ან. _eრედაქტორი _93721 |
||
| 700 |
_aასიტაშვილი, თ. _eმხატვარი _93722 |
||
| 942 |
_cBK _2udc |
||